000 00284nam a22001337a 4500
008 170324b xxu||||| |||| 00| 0 eng d
020 _a9780072844337
041 _aeng
080 _26TH
_a615.83
100 _a8
101 _aSHM
245 _aFIT&WELL
_cFAHEY, TH.D
942 _2udc
_cBK
999 _c8568
_d8568